<?xml version="1.0" encoding="UTF-8"?><?xml-stylesheet type="text/xsl" href="static/style.xsl"?><OAI-PMH xmlns="http://www.openarchives.org/OAI/2.0/" xmlns:xsi="http://www.w3.org/2001/XMLSchema-instance" xsi:schemaLocation="http://www.openarchives.org/OAI/2.0/ http://www.openarchives.org/OAI/2.0/OAI-PMH.xsd"><responseDate>2026-04-17T20:57:16Z</responseDate><request verb="GetRecord" identifier="oai:riubu.ubu.es:10259/9763" metadataPrefix="marc">https://riubu.ubu.es/oai/request</request><GetRecord><record><header><identifier>oai:riubu.ubu.es:10259/9763</identifier><datestamp>2024-12-11T01:05:23Z</datestamp><setSpec>com_10259_6171</setSpec><setSpec>com_10259_5086</setSpec><setSpec>com_10259_2604</setSpec><setSpec>col_10259_6172</setSpec></header><metadata><record xmlns="http://www.loc.gov/MARC21/slim" xmlns:doc="http://www.lyncode.com/xoai" xmlns:xsi="http://www.w3.org/2001/XMLSchema-instance" xmlns:dcterms="http://purl.org/dc/terms/" xsi:schemaLocation="http://www.loc.gov/MARC21/slim http://www.loc.gov/standards/marcxml/schema/MARC21slim.xsd">
<leader>00925njm 22002777a 4500</leader>
<datafield tag="042" ind1=" " ind2=" ">
<subfield code="a">dc</subfield>
</datafield>
<datafield tag="720" ind1=" " ind2=" ">
<subfield code="a">Revilla Cuesta, Víctor</subfield>
<subfield code="e">author</subfield>
</datafield>
<datafield tag="720" ind1=" " ind2=" ">
<subfield code="a">Hurtado Alonso, Nerea</subfield>
<subfield code="e">author</subfield>
</datafield>
<datafield tag="720" ind1=" " ind2=" ">
<subfield code="a">Manso Morato, Javier</subfield>
<subfield code="e">author</subfield>
</datafield>
<datafield tag="720" ind1=" " ind2=" ">
<subfield code="a">Serrano López, Roberto</subfield>
<subfield code="e">author</subfield>
</datafield>
<datafield tag="720" ind1=" " ind2=" ">
<subfield code="a">Manso Villalaín, Juan Manuel</subfield>
<subfield code="e">author</subfield>
</datafield>
<datafield tag="260" ind1=" " ind2=" ">
<subfield code="c">2024-05</subfield>
</datafield>
<datafield tag="520" ind1=" " ind2=" ">
<subfield code="a">Raw-crushed wind-turbine blade (RCWTB), a waste from the recycling of wind-turbine blades, is used as a raw material in concrete in this research. It contains not only fiberglass-composite fibers that bridge the cementitious matrix but also polyurethane and balsa-wood particles. Therefore, concrete containing RCWTB can be notably affected by moisture and temperature fluctuations and by exposure to high temperatures. In this research, the performance of five concrete mixes with 0.0%, 1.5%, 3.0%, 4.5%, and 6.0% RCWTB, respectively, is studied under moist/dry, alternating-sign-temperature-shock, and high-temperature-shock tests. Two damage mechanisms of RCWTB within concrete were found through these tests: on the one hand, micro-cracking of the cementitious matrix, which was verified by microscopic analyses and was dependent on concrete porosity; on the other, damage and degradation of the RCWTB components, as the polyurethane melted, and the balsa-wood particles burned. Both phenomena led to larger remaining-strain levels and reduced concrete compressive strength by up to 25% under temperature and humidity variations, although the bridging effect of the fiberglass-composite fibers was effective when adding RCWTB amounts higher than 3.0%. The compressive-strength loss after the high-temperature-shock test increased with the RCWTB content, reaching maximum values of 8% after an exposure time of 7 days. Statistical analyses revealed that effect of the RCA amount in the concrete was conditioned by the exposure times in all the tests. The accurate definition of those times is therefore key to set an RCWTB content in concrete that ensures its suitable behavior under the environmental conditions analyzed.</subfield>
</datafield>
<datafield tag="024" ind2=" " ind1="8">
<subfield code="a">0944-1344</subfield>
</datafield>
<datafield tag="024" ind2=" " ind1="8">
<subfield code="a">http://hdl.handle.net/10259/9763</subfield>
</datafield>
<datafield tag="024" ind2=" " ind1="8">
<subfield code="a">10.1007/s11356-024-33720-0</subfield>
</datafield>
<datafield tag="024" ind2=" " ind1="8">
<subfield code="a">1614-7499</subfield>
</datafield>
<datafield ind1=" " ind2=" " tag="653">
<subfield code="a">Raw-crushed wind-turbine blade</subfield>
</datafield>
<datafield ind1=" " ind2=" " tag="653">
<subfield code="a">Concrete</subfield>
</datafield>
<datafield ind1=" " ind2=" " tag="653">
<subfield code="a">Moist/dry test</subfield>
</datafield>
<datafield ind1=" " ind2=" " tag="653">
<subfield code="a">Alternating-sign temperatures</subfield>
</datafield>
<datafield ind1=" " ind2=" " tag="653">
<subfield code="a">Thermal shock</subfield>
</datafield>
<datafield ind1=" " ind2=" " tag="653">
<subfield code="a">Multiple-regression statistical prediction</subfield>
</datafield>
<datafield tag="245" ind1="0" ind2="0">
<subfield code="a">Effects of temperature and moisture fluctuations for suitable use of raw-crushed wind-turbine blade in concrete</subfield>
</datafield>
</record></metadata></record></GetRecord></OAI-PMH>